Centroamérica: transición a la democracia
Gardado en:
| Autor Principal: | |
|---|---|
| Autor Corporativo: | |
| Formato: | Texto |
| Publicado: |
San José:
Instituto Interamericano de Derechos Humanos
|
| Etiquetas: |
Engadir etiqueta
Sen Etiquetas, Sexa o primeiro en etiquetar este rexistro!
|
MARC
| LEADER | 00000 a a2200000 04500 | ||
|---|---|---|---|
| 001 | 21373 | ||
| 003 | |||
| 040 | |||
| 090 | |a 093900 | ||
| 100 | |a Urcuyo Fournier, Constantino | ||
| 110 | |a Instituto Interamericano de Derechos Humanos | ||
| 245 | |a Centroamérica: transición a la democracia | ||
| 260 | |a San José: |b Instituto Interamericano de Derechos Humanos | ||
| 300 | |a 35 p. | ||
| 999 | |c 11530 |d 11530 | ||
